<?xml version="1.0" encoding="UTF-8"?>
<collection xmlns="http://www.loc.gov/MARC21/slim">
 <record>
  <leader>00833pamaa2200181   4500</leader>
  <controlfield tag="001">0000049828</controlfield>
  <controlfield tag="005">20111229090000.0</controlfield>
  <controlfield tag="008">111229                             eng  </controlfield>
  <datafield tag="090" ind1="0" ind2="0">
   <subfield code="a">NA1525 </subfield>
   <subfield code="b">BAN 2006</subfield>
  </datafield>
  <datafield tag="245" ind1="1" ind2="0">
   <subfield code="a">Bangunan MARA : </subfield>
   <subfield code="b">potret wajah pelbagai zaman = </subfield>
   <subfield code="l">The MARA building through the passage of time.</subfield>
  </datafield>
  <datafield tag="260" ind1="0" ind2="0">
   <subfield code="a">Kuala Lumpur: </subfield>
   <subfield code="b">Majlis Amanah Rakyat, </subfield>
   <subfield code="c">2006.</subfield>
  </datafield>
  <datafield tag="300" ind1=" " ind2=" ">
   <subfield code="a">103ms.: </subfield>
   <subfield code="b">il., gf. (wrn.); </subfield>
   <subfield code="c">28cm..</subfield>
  </datafield>
  <datafield tag="500" ind1="0" ind2="0">
   <subfield code="a">&quot;Coffeetable book ini diterbitkan sempena 40 tahun MARA (1966-2006) = This coffeetable book is to commemorate 40 years of MARA (1966-2006)&quot;</subfield>
  </datafield>
  <datafield tag="504" ind1="0" ind2="0">
   <subfield code="a">Includes bibliographical references</subfield>
  </datafield>
  <datafield tag="650" ind1="0" ind2="0">
   <subfield code="a">MARA -- </subfield>
   <subfield code="x">History </subfield>
  </datafield>
  <datafield tag="650" ind1="0" ind2="0">
   <subfield code="a">Architecture -- </subfield>
   <subfield code="x">Pictorial works -- </subfield>
   <subfield code="z">Malaysia </subfield>
  </datafield>
  <datafield tag="650" ind1="0" ind2="0">
   <subfield code="a">Architecture and state -- </subfield>
   <subfield code="x">Pictorial works -- </subfield>
   <subfield code="z">Malaysia </subfield>
  </datafield>
  <datafield tag="745" ind1="1" ind2="0">
   <subfield code="a">MARA building through the passage of time</subfield>
  </datafield>
 </record>
</collection>
